| 000 | 00576nam a22001937a 4500 | ||
|---|---|---|---|
| 005 | 20230612144614.0 | ||
| 008 | 230612b |||||||| |||| 00| 0 eng d | ||
| 020 | _a0072880716 | ||
| 040 |
_aKMU _cKMU |
||
| 050 | _aQA 276.12 Blu | ||
| 100 | _aBluman, Allan G. | ||
| 245 |
_aElementary statistics : _bA step by step approach / _cby Allan G. Bluman |
||
| 250 | _a5th Edition | ||
| 260 |
_aNew York ; _bMcGraw Hill , _c2004 . |
||
| 300 |
_axxv, 810pages ; _billustration , _c30 cm. |
||
| 500 | _aIncludes an index | ||
| 650 |
_2Oclc _aStatistics |
||
| 942 |
_2lcc _cBK _e5th Edition _n0 |
||
| 999 |
_c418 _d418 |
||